[Event "Titled Tue 1st Jul Early"]
[Site "chess.com INT"]
[Date "2025.07.01"]
[Round "4"]
[White "Dighton, Simon"]
[Black "Vijayakumar, Rishi"]
[Result "1-0"]
[WhiteTitle "CM"]
[BlackTitle "FM"]
[WhiteElo "2237"]
[BlackElo "2333"]
[WhiteFideId "408603"]
[BlackFideId "2408953"]
[EventDate "2025.07.01"]

1. d4 Nf6 2. Nf3 d5 3. Bf4 e6 4. e3 c5 5. c3 Nc6 6. Nbd2 cxd4 7. exd4 Nh5 8. Bg3
Bd7 9. Bd3 Nxg3 10. hxg3 Bd6 11. Qe2 Qf6 12. O-O h5 13. c4 O-O 14. c5 Bc7 15.
Qe3 Rae8 16. Rfe1 e5 17. dxe5 Nxe5 18. Qd4 Nxf3+ 19. Nxf3 Qxd4 20. Nxd4 1-0

[Event "Titled Tue 1st Jul Early"]
[Site "chess.com INT"]
[Date "2025.07.01"]
[Round "4"]
[White "Perossa, Nicolas"]
[Black "Svane, Rasmus"]
[Result "0-1"]
[WhiteTitle "FM"]
[BlackTitle "GM"]
[WhiteElo "2253"]
[BlackElo "2619"]
[WhiteFideId "2850520"]
[BlackFideId "4657101"]
[EventDate "2025.07.01"]

1. e4 c6 2. d4 d5 3. e5 Bf5 4. h4 h5 5. c4 e6 6. Nc3 dxc4 7. Bxc4 Nd7 8. Nge2
Be7 9. g3 Nh6 10. Bf4 Qb6 11. Qd2 Rd8 12. Rd1 Bg6 13. Bg5 Nxe5 14. dxe5 Rxd2 15.
Rxd2 Ng4 16. Nf4 Nxe5 17. Be2 Bxg5 18. hxg5 Ke7 19. O-O h4 20. Re1 hxg3 21. Bd1
gxf2+ 22. Rxf2 Rh1+ 23. Kxh1 Qxf2 0-1

[Event "Titled Tue 1st Jul Early"]
[Site "chess.com INT"]
[Date "2025.07.01"]
[Round "4"]
[White "Baches Garcia, Guillermo"]
[Black "Mayaud, Raphael"]
[Result "1-0"]
[WhiteTitle "IM"]
[BlackTitle "CM"]
[WhiteElo "2305"]
[BlackElo "2126"]
[WhiteFideId "2209764"]
[BlackFideId "627151"]
[EventDate "2025.07.01"]

1. e4 c6 2. c4 d5 3. exd5 cxd5 4. cxd5 Nf6 5. Nc3 Nxd5 6. Nf3 Nc6 7. Bb5 Nxc3 8.
bxc3 e6 9. O-O Be7 10. d4 O-O 11. Re1 Qc7 12. Ng5 Bxg5 13. Bxg5 Bd7 14. Bd3 Rfe8
15. Qh5 f5 16. Re3 g6 17. Qh6 Rf8 18. h4 e5 19. h5 Be8 20. dxe5 Nxe5 21. Bf4 Nf7
22. Qxf8+ 1-0

[Event "Titled Tue 1st Jul Early"]
[Site "chess.com INT"]
[Date "2025.07.01"]
[Round "4"]
[White "Germanovs, Georgijs"]
[Black "Durarbayli, Vasif"]
[Result "1-0"]
[WhiteTitle "CM"]
[BlackTitle "GM"]
[WhiteElo "2260"]
[BlackElo "2612"]
[WhiteFideId "11609710"]
[BlackFideId "13402935"]
[EventDate "2025.07.01"]

1. e4 c6 2. e5 d5 3. exd6 exd6 4. d4 Nf6 5. c4 g6 6. Nc3 Bg7 7. h3 O-O 8. Nf3
Re8+ 9. Be2 Ne4 10. O-O Nxc3 11. bxc3 Qa5 12. Bd2 Nd7 13. Re1 Nb6 14. a4 c5 15.
Qb3 Bd7 16. Bf4 Rad8 17. Bxd6 cxd4 18. cxd4 Bxa4 19. Qa3 Rxe2 20. Rxe2 Nxc4 21.
Bb4 Qd5 22. Qxa4 a5 23. Re8+ 1-0

[Event "Titled Tue 1st Jul Early"]
[Site "chess.com INT"]
[Date "2025.07.01"]
[Round "4"]
[White "Turcsanyi, Vince Gergo"]
[Black "Oviedo Acosta, Paula"]
[Result "1-0"]
[WhiteTitle "FM"]
[BlackTitle "WFM"]
[WhiteElo "2312"]
[BlackElo "1928"]
[WhiteFideId "791784"]
[BlackFideId "3704394"]
[EventDate "2025.07.01"]

1. d4 Nf6 2. Nc3 d5 3. Bf4 e6 4. e3 g6 5. Nf3 Bg7 6. Ne5 O-O 7. h4 Nfd7 8. h5
Nxe5 9. Bxe5 Bxe5 10. dxe5 c5 11. Qg4 Nc6 12. f4 f5 13. Qh3 g5 14. g4 gxf4 15.
exf4 Nd4 16. O-O-O b5 17. gxf5 Rxf5 18. Nxb5 Nxb5 19. Bxb5 c4 20. Bxc4 Rxf4 21.
Qg3+ Kh8 22. Qxf4 1-0

[Event "Titled Tue 1st Jul Early"]
[Site "chess.com INT"]
[Date "2025.07.01"]
[Round "4"]
[White "Zaksaite, Salomeja"]
[Black "Mende, Andreas"]
[Result "0-1"]
[WhiteTitle "WGM"]
[BlackTitle "CM"]
[WhiteElo "2133"]
[BlackElo "2113"]
[WhiteFideId "12801496"]
[BlackFideId "4631102"]
[EventDate "2025.07.01"]

1. e4 c5 2. Nf3 Nc6 3. Bb5 g6 4. O-O Bg7 5. Re1 e5 6. Nc3 Nge7 7. Nd5 O-O 8. d3
d6 9. Bg5 f6 10. Be3 Be6 11. Nxe7+ Nxe7 12. c3 a6 13. Ba4 b5 14. Bc2 Nc6 15. d4
cxd4 16. cxd4 Bg4 17. d5 Nd4 18. Bxd4 exd4 19. Qxd4 Bxf3 20. gxf3 f5 21. Qd2 f4
22. Bd3 Be5 23. a4 Qg5+ 24. Kh1 Qh5 25. Qe2 g5 26. Rg1 Rf6 27. Rxg5+ Qxg5 28.
Rg1 Qxg1+ 29. Kxg1 Rg6+ 30. Kf1 Rc8 31. Qd2 bxa4 32. Bxa6 Rb8 33. Qa5 Rxb2 34.
Qxa4 Rb1+ 35. Ke2 Rgg1 36. Qe8+ Kg7 37. Qe7+ Kg6 38. Bc8 Rb2+ 39. Kd3 Rd1+ 40.
Kc4 Rd4+ 41. Kc3 Rdb4+ 42. Kd3 R4b3+ 43. Kc4 Rc3# 0-1

[Event "Titled Tue 1st Jul Early"]
[Site "chess.com INT"]
[Date "2025.07.01"]
[Round "4"]
[White "Wartiovaara, Oliver"]
[Black "Khalafvand, Dorsa Sadat"]
[Result "1-0"]
[WhiteTitle "FM"]
[BlackTitle "WCM"]
[WhiteElo "2322"]
[BlackElo "1985"]
[WhiteFideId "513024"]
[BlackFideId "36767522"]
[EventDate "2025.07.01"]

1. e4 c6 2. Nf3 d5 3. Nc3 dxe4 4. Nxe4 Nf6 5. d3 Nxe4 6. dxe4 Qxd1+ 7. Kxd1 Bg4
8. Be2 e6 9. Nd2 Bxe2+ 10. Kxe2 Nd7 11. a4 a5 12. Nc4 Kd8 13. Be3 e5 14. Rhd1
Ra6 15. Nb6 Rxb6 16. Bxb6+ Kc8 17. Bxa5 Bc5 18. Bc3 Kc7 19. b4 Ba7 20. f3 f6 21.
b5 Nc5 22. Ba5+ b6 23. Bb4 Ne6 24. c3 c5 25. Ba3 Ra8 26. g3 Bb8 27. Bb2 c4 28.
Ba3 Kc8 29. Bb4 Bc7 30. Rd5 Kb7 31. Rd7 Kc8 32. Re7 Nd8 33. Rxg7 h5 34. h4 Nb7
35. g4 Bd6 36. Rg8+ 1-0

[Event "Titled Tue 1st Jul Early"]
[Site "chess.com INT"]
[Date "2025.07.01"]
[Round "4"]
[White "Eswaran, Ashritha"]
[Black "Tatarinov, Dmitry"]
[Result "1-0"]
[WhiteTitle "FM"]
[BlackTitle "FM"]
[WhiteElo "2236"]
[BlackElo "2318"]
[WhiteFideId "2080788"]
[BlackFideId "24160067"]
[EventDate "2025.07.01"]

1. e4 c5 2. Nf3 Nc6 3. d4 cxd4 4. Nxd4 Qb6 5. Nb3 Nf6 6. Nc3 e6 7. Be3 Qc7 8. a3
a6 9. Be2 b5 10. O-O d6 11. f4 Bb7 12. Bf3 Be7 13. Qd2 O-O 14. Rae1 Rac8 15. g4
b4 16. axb4 Nxb4 17. g5 Nd7 18. f5 Ne5 19. Nd4 Nc4 20. Qf2 e5 21. f6 exd4 22.
Bxd4 Bd8 23. Bg4 g6 24. Qh4 h5 25. Bxh5 Ne5 26. Be2 Nd7 27. Qh6 Bxf6 28. gxf6
Nxf6 29. Bxf6 Qc5+ 30. Kh1 Qh5 31. Bxh5 gxh5 1-0

[Event "Titled Tue 1st Jul Early"]
[Site "chess.com INT"]
[Date "2025.07.01"]
[Round "4"]
[White "Vifleemskaia, Svetlana"]
[Black "Skliarov, Viktor"]
[Result "0-1"]
[WhiteTitle "WFM"]
[BlackTitle "IM"]
[WhiteElo "1942"]
[BlackElo "2334"]
[WhiteFideId "4129490"]
[BlackFideId "14106736"]
[EventDate "2025.07.01"]

1. d4 Nf6 2. c4 e6 3. Nc3 Bb4 4. e3 b6 5. Ne2 Ne4 6. Qc2 Bb7 7. a3 Bxc3+ 8. Nxc3
Nxc3 9. Qxc3 O-O 10. f3 Qh4+ 11. g3 Qh5 12. e4 f5 13. Bg2 fxe4 14. fxe4 d6 15.
Qc2 Nd7 16. Qe2 Qg6 17. Bd2 Nf6 18. O-O Nxe4 19. Bf4 Rac8 20. Rae1 d5 21. Bxe4
dxe4 22. Qe3 c5 23. Bd6 cxd4 24. Qxd4 Rf3 0-1

[Event "Titled Tue 1st Jul Early"]
[Site "chess.com INT"]
[Date "2025.07.01"]
[Round "4"]
[White "Aradhya, Garg"]
[Black "Stevik, Patrik"]
[Result "1-0"]
[WhiteTitle "IM"]
[BlackTitle "FM"]
[WhiteElo "2370"]
[BlackElo "2314"]
[WhiteFideId "25006746"]
[BlackFideId "14944812"]
[EventDate "2025.07.01"]

1. d4 Nf6 2. c4 e6 3. Nf3 d5 4. Nc3 Bb4 5. Qa4+ Nc6 6. e3 O-O 7. Bd2 Bd7 8. Qc2
a5 9. a3 Be7 10. cxd5 exd5 11. Bd3 Bg4 12. Ne5 Bh5 13. O-O Bd6 14. f4 Ne7 15. h3
Ng6 16. g4 Bxe5 17. gxh5 Nxf4 18. dxe5 Nxh3+ 19. Kh2 Ng4+ 20. Kxh3 Qg5 21. Rf5
Nf2+ 22. Rxf2 Qxh5+ 23. Kg2 f5 24. Rh1 Qg4+ 25. Kf1 d4 26. exd4 f4 27. Bc4+ Kh8
28. Qxh7# 1-0

[Event "Titled Tue 1st Jul Early"]
[Site "chess.com INT"]
[Date "2025.07.01"]
[Round "4"]
[White "Ismagilov, Damir"]
[Black "Tari, Aryan"]
[Result "0-1"]
[WhiteTitle "CM"]
[BlackTitle "GM"]
[WhiteElo "2173"]
[BlackElo "2636"]
[WhiteFideId "34199982"]
[BlackFideId "1510045"]
[EventDate "2025.07.01"]

1. d4 d5 2. c4 e6 3. Nc3 c5 4. e3 Nf6 5. Nf3 Nc6 6. a3 dxc4 7. Bxc4 a6 8. Ba2 b5
9. O-O Bb7 10. d5 exd5 11. Nxd5 Nxd5 12. Bxd5 Be7 13. Ne5 Nxe5 14. Bxb7 Rb8 15.
Bd5 O-O 16. f4 Nd7 17. Qc2 Nf6 18. Bf3 c4 19. e4 Bc5+ 20. Kh1 h5 21. h3 Ng4 22.
Qe2 Qh4 23. Bxg4 hxg4 24. Qxg4 Qxg4 25. hxg4 Rbd8 26. a4 b4 27. e5 Rfe8 28. g5
Rd3 29. Kh2 g6 30. a5 Kf8 31. Re1 Ke7 32. Re4 Rh8# 0-1

[Event "Titled Tue 1st Jul Early"]
[Site "chess.com INT"]
[Date "2025.07.01"]
[Round "4"]
[White "Hari, Madhavan N B"]
[Black "Akkara, Omer"]
[Result "1-0"]
[WhiteTitle "IM"]
[BlackTitle "CM"]
[WhiteElo "2365"]
[BlackElo "2036"]
[WhiteFideId "25054309"]
[BlackFideId "26319802"]
[EventDate "2025.07.01"]

1. c4 Nf6 2. Nc3 e6 3. d4 d5 4. Nf3 Be7 5. Bf4 O-O 6. e3 c6 7. Qc2 b6 8. Rd1 Ba6
9. Ne5 h6 10. Be2 dxc4 11. Bxc4 Bxc4 12. Nxc4 Nbd7 13. O-O Nd5 14. Bg3 N7f6 15.
e4 Nxc3 16. bxc3 Qc8 17. f4 Rd8 18. f5 exf5 19. Rxf5 Qe6 20. Nd2 Ng4 21. Re1 Bg5
22. Nf1 Re8 23. h3 Nf6 24. h4 Nxe4 25. Re5 Nxg3 26. Rxe6 Rxe6 27. Rxe6 fxe6 28.
hxg5 Nxf1 29. Kxf1 hxg5 30. Qg6 Rf8+ 31. Kg1 Rf6 32. Qe8+ Kh7 33. Qxc6 g4 34.
Qe4+ Rg6 35. c4 Kh6 36. d5 exd5 37. cxd5 g3 38. Qe3+ Kh7 39. Qd3 Kh6 40. d6 Re6
41. Qd2+ g5 42. d7 Re2 43. Qxe2 1-0

[Event "Titled Tue 1st Jul Early"]
[Site "chess.com INT"]
[Date "2025.07.01"]
[Round "4"]
[White "Zakrzewski, Marek"]
[Black "Makaraci, Tunahan"]
[Result "1-0"]
[WhiteTitle "FM"]
[BlackTitle "FM"]
[WhiteElo "2288"]
[BlackElo "2233"]
[WhiteFideId "1170694"]
[BlackFideId "6356559"]
[EventDate "2025.07.01"]

1. e4 c5 2. Nf3 d6 3. c3 Nf6 4. h3 Nbd7 5. Bd3 g6 6. Bc2 e5 7. d4 cxd4 8. cxd4
Bg7 9. O-O O-O 10. Nc3 b6 11. d5 Ba6 12. Re1 Rc8 13. Bd2 Nc5 14. b4 Nd3 15. Bxd3
Bxd3 16. Rc1 Rc4 17. Bg5 Rxc3 18. Rxc3 Bb5 19. Qc2 h6 20. Bxf6 Qxf6 21. Rc7 g5
22. a4 Be8 23. b5 h5 24. Nh2 Qg6 25. Qe2 f5 26. Rxa7 f4 27. f3 Bf7 28. Rc1 Bf6
29. Rcc7 Bd8 30. Rd7 Bf6 31. Qc4 g4 32. hxg4 Bh4 33. Qc7 Bg3 34. Rxf7 1-0

[Event "Titled Tue 1st Jul Early"]
[Site "chess.com INT"]
[Date "2025.07.01"]
[Round "4"]
[White "Vedant Rupeshbhai Varasada"]
[Black "Dinesh, Rajan M"]
[Result "0-1"]
[WhiteTitle "CM"]
[BlackTitle "CM"]
[WhiteElo "2044"]
[BlackElo "2131"]
[WhiteFideId "25156527"]
[BlackFideId "35060600"]
[EventDate "2025.07.01"]

1. Nf3 Nf6 2. b3 g6 3. Bb2 Bg7 4. c4 O-O 5. e3 d6 6. Be2 Nbd7 7. O-O b6 8. d3
Bb7 9. Nbd2 e5 10. a3 a5 11. b4 h6 12. Qc2 Qe7 13. Bc3 axb4 14. axb4 g5 15. Nb3
Bc6 16. d4 Ne4 17. Bb2 f5 18. Nfd2 Ndf6 19. d5 Ba4 20. Nxe4 Nxe4 21. f3 Bxb3 22.
Qxb3 Nd2 23. Qc2 Nxf1 24. Rxa8 Rxa8 25. Bxf1 e4 26. Bxg7 Kxg7 27. Qc3+ Qe5 28.
Qb3 exf3 29. gxf3 Ra1 30. f4 gxf4 31. exf4 Qd4+ 32. Kg2 Qd2+ 33. Kg1 Qxf4 34.
Qb2+ Qe5 35. Qg2+ Kh7 36. Qf3 Qd4+ 37. Kg2 Qg4+ 38. Qxg4 fxg4 39. Bd3+ Kg7 40.
Bf5 h5 0-1

[Event "Titled Tue 1st Jul Early"]
[Site "chess.com INT"]
[Date "2025.07.01"]
[Round "4"]
[White "Garcia Correa, Jose Ricardo"]
[Black "Dreelinck, Jacob"]
[Result "1/2-1/2"]
[WhiteTitle "FM"]
[BlackTitle "FM"]
[WhiteElo "2103"]
[BlackElo "2266"]
[WhiteFideId "5101832"]
[BlackFideId "250511"]
[EventDate "2025.07.01"]

1. e4 e6 2. d4 d5 3. Nc3 Nf6 4. Bg5 h6 5. Bxf6 Qxf6 6. e5 Qd8 7. Nce2 c5 8. c3
Nc6 9. Nf3 Qb6 10. Qd2 Bd7 11. dxc5 Bxc5 12. Ned4 Nxd4 13. Nxd4 Qc7 14. f4 O-O
15. Be2 f6 16. exf6 Rxf6 17. O-O Raf8 18. g3 e5 19. fxe5 Qxe5 20. Rxf6 Rxf6 21.
Re1 Qd6 22. Kg2 Bf5 23. Nxf5 Rxf5 24. Bf3 d4 25. c4 d3 26. Bd5+ Rxd5 27. cxd5
Qxd5+ 28. Kh3 Qh5+ 29. Kg2 Qd5+ 30. Kh3 Kh7 31. Rd1 Qh5+ 32. Kg2 Qd5+ 33. Kh3
Qh5+ 34. Kg2 Qd5+ 35. Kh3 1/2-1/2

[Event "Titled Tue 1st Jul Early"]
[Site "chess.com INT"]
[Date "2025.07.01"]
[Round "4"]
[White "Shukhman, Anna"]
[Black "Ramiro Ovejero, Juan Luis"]
[Result "1-0"]
[WhiteTitle "WGM"]
[BlackTitle "IM"]
[WhiteElo "2416"]
[BlackElo "2334"]
[WhiteFideId "54180058"]
[BlackFideId "2210436"]
[EventDate "2025.07.01"]

1. e4 e5 2. Nf3 Nc6 3. d4 exd4 4. Nxd4 Nf6 5. Nxc6 bxc6 6. e5 Qe7 7. Qe2 Nd5 8.
h4 f6 9. c4 Nb6 10. exf6 gxf6 11. Nc3 d6 12. Be3 Be6 13. b3 d5 14. g3 O-O-O 15.
cxd5 Bxd5 16. Bh3+ Kb7 17. O-O Rg8 18. a4 Qb4 19. a5 Nd7 20. Nxd5 cxd5 21. a6+
Ka8 22. Qc2 c5 23. Qxh7 Rg7 24. Qf5 Bd6 25. Qxd5+ Kb8 26. Qxd6+ 1-0

[Event "Titled Tue 1st Jul Early"]
[Site "chess.com INT"]
[Date "2025.07.01"]
[Round "4"]
[White "Sailer, Mike"]
[Black "Pribelszky, Bence"]
[Result "0-1"]
[BlackTitle "IM"]
[WhiteElo "2108"]
[BlackElo "2401"]
[WhiteFideId "2012901"]
[BlackFideId "769738"]
[EventDate "2025.07.01"]

1. d4 d6 2. Nf3 Nf6 3. Bf4 g6 4. e3 Bg7 5. Be2 O-O 6. h3 Nbd7 7. O-O b6 8. c4
Bb7 9. Nc3 Re8 10. b4 e5 11. Bh2 exd4 12. exd4 Ne4 13. Nxe4 Bxe4 14. Bd3 d5 15.
Rc1 c6 16. Re1 f5 17. c5 b5 18. Bf1 a5 19. a3 axb4 20. axb4 Bxf3 21. gxf3 Rxe1
22. Qxe1 Qe8 23. Qd2 g5 24. Qxg5 Qg6 25. Qxg6 hxg6 26. Re1 Kf7 27. Bd6 Bf6 28.
f4 Ra4 29. Bxb5 cxb5 30. c6 Nb6 31. Bc5 Nc8 0-1

[Event "Titled Tue 1st Jul Early"]
[Site "chess.com INT"]
[Date "2025.07.01"]
[Round "4"]
[White "Buraczewski, Rafal"]
[Black "Garbuz, Vitaliy"]
[Result "0-1"]
[WhiteTitle "CM"]
[BlackTitle "CM"]
[WhiteElo "2135"]
[BlackElo "2243"]
[WhiteFideId "1155245"]
[BlackFideId "12990710"]
[EventDate "2025.07.01"]

1. g3 d5 2. Bg2 c6 3. d3 Nf6 4. Nd2 Bf5 5. f4 e6 6. Ngf3 h6 7. h3 Qb6 8. Nf1
Nbd7 9. e3 Bd6 10. Qe2 O-O 11. g4 Bh7 12. Ng3 e5 13. fxe5 Nxe5 14. Nf1 Rfe8 15.
Nxe5 Bxe5 16. c3 Qa5 17. Bd2 Qb5 18. O-O-O Bxd3 19. Qf2 Ne4 20. Bxe4 Bxe4 21.
Rg1 Qd3 0-1

[Event "Titled Tue 1st Jul Early"]
[Site "chess.com INT"]
[Date "2025.07.01"]
[Round "4"]
[White "Tekeyev, Zaur"]
[Black "Grandelius, Nils"]
[Result "0-1"]
[WhiteTitle "IM"]
[BlackTitle "GM"]
[WhiteElo "2407"]
[BlackElo "2642"]
[WhiteFideId "4199731"]
[BlackFideId "1710400"]
[EventDate "2025.07.01"]

1. e4 c5 2. Nf3 d6 3. Bb5+ Nc6 4. O-O Bd7 5. Re1 a6 6. Bxc6 Bxc6 7. d4 cxd4 8.
Nxd4 Nf6 9. f3 e6 10. c4 Be7 11. Be3 O-O 12. Nc3 Bd7 13. Qd3 Qc7 14. Rac1 Rfc8
15. b3 Qa5 16. a4 Be8 17. Bd2 Qc7 18. Bg5 h6 19. Bh4 Qb6 20. Kh1 Qb4 21. Rb1 Rc7
22. Nc2 Qa5 23. Bg3 Rd8 24. b4 Qg5 25. Qe2 Nh5 26. Bf2 Nf4 27. Qf1 Rxc4 28. Rb3
Rdc8 29. Re3 Bxa4 0-1

[Event "Titled Tue 1st Jul Early"]
[Site "chess.com INT"]
[Date "2025.07.01"]
[Round "4"]
[White "Garcia, Jhoel"]
[Black "Bilochenko, Matvii"]
[Result "1-0"]
[WhiteTitle "IM"]
[BlackTitle "CM"]
[WhiteElo "2293"]
[BlackElo "2005"]
[WhiteFideId "3801110"]
[BlackFideId "41834062"]
[EventDate "2025.07.01"]

1. e4 e6 2. d4 d5 3. Bd3 Nf6 4. e5 Nfd7 5. c3 c5 6. Nf3 Nc6 7. a3 cxd4 8. cxd4
Qb6 9. Nbd2 Nxd4 10. Nxd4 Qxd4 11. Nf3 Qb6 12. O-O Be7 13. Be3 Bc5 14. Bd2 a5
15. b4 axb4 16. axb4 Rxa1 17. Qxa1 Be7 18. Qb1 h6 19. Qc1 O-O 20. Bxh6 gxh6 21.
Qxh6 f5 22. exf6 Rxf6 23. Qh7+ Kf8 24. Qh8+ Kf7 25. Ng5# 1-0

[Event "Titled Tue 1st Jul Early"]
[Site "chess.com INT"]
[Date "2025.07.01"]
[Round "4"]
[White "Shogdzhiev, Roman"]
[Black "Guo, Felix"]
[Result "1-0"]
[WhiteTitle "FM"]
[WhiteElo "2411"]
[BlackElo "2091"]
[WhiteFideId "55653537"]
[BlackFideId "30997550"]
[EventDate "2025.07.01"]

1. d3 e5 2. Nd2 Nf6 3. g3 d5 4. Bg2 Nc6 5. e4 Bc5 6. Ngf3 O-O 7. O-O dxe4 8.
dxe4 Bg4 9. c3 Qd7 10. Qc2 Rad8 11. Nc4 Qe6 12. Ne3 h6 13. Nxg4 Nxg4 14. h3 Nf6
15. a4 a5 16. Re1 Rfe8 17. Bd2 g5 18. Nh2 Nh5 19. Be3 Bxe3 20. Rxe3 Qc4 21. Bf1
Qc5 22. Rc1 Rd6 23. Ng4 Red8 24. Qe2 Kg7 25. Qb5 Qxb5 26. axb5 Ne7 27. Nxe5 Re6
28. Nf3 f5 29. Nd4 Rxe4 30. Rxe4 fxe4 31. Ne6+ Kf6 32. Nxd8 Ng7 33. Nxb7 e3 34.
fxe3 Ngf5 35. Kf2 Nd5 36. e4 1-0

[Event "Titled Tue 1st Jul Early"]
[Site "chess.com INT"]
[Date "2025.07.01"]
[Round "4"]
[White "Gharibyan, Mamikon"]
[Black "Karvatskyi, Oleksii"]
[Result "1-0"]
[WhiteTitle "GM"]
[BlackTitle "CM"]
[WhiteElo "2495"]
[BlackElo "2258"]
[WhiteFideId "13308300"]
[BlackFideId "14191059"]
[EventDate "2025.07.01"]

1. d4 d5 2. Nf3 Nf6 3. Bf4 g6 4. e3 Bg7 5. h3 O-O 6. Nbd2 c5 7. c3 Nc6 8. Be2 b6
9. O-O Bb7 10. a4 Re8 11. Re1 Nd7 12. Bg5 h6 13. Bh4 g5 14. Bg3 e5 15. e4 exd4
16. exd5 Nce5 17. cxd4 Nxf3+ 18. Bxf3 cxd4 19. Rxe8+ Qxe8 20. Nc4 Ne5 21. Bxe5
Bxe5 22. d6 Bxf3 23. Qxf3 Bg7 24. d7 Qf8 25. Re1 Rd8 26. Qc6 Qb4 27. Re8+ Kh7
28. Qe4+ f5 29. Qxf5# 1-0

[Event "Titled Tue 1st Jul Early"]
[Site "chess.com INT"]
[Date "2025.07.01"]
[Round "4"]
[White "Caku, Kler"]
[Black "Light, Bjarne"]
[Result "0-1"]
[WhiteTitle "WFM"]
[BlackTitle "CM"]
[WhiteElo "2010"]
[BlackElo "2227"]
[WhiteFideId "4704703"]
[BlackFideId "1401360"]
[EventDate "2025.07.01"]

1. e4 c5 2. Nf3 e6 3. d4 cxd4 4. Nxd4 Nc6 5. Nc3 Qc7 6. a3 a6 7. Be3 b5 8. Bd3
Bb7 9. O-O Nf6 10. f4 Rc8 11. e5 Nxd4 12. Bxd4 Bc5 13. Bxb5 axb5 14. Nxb5 Qc6
15. Qe2 Bxd4+ 16. Nxd4 Qb6 17. Qe3 Nd5 18. Qf2 O-O 19. b3 Nc3 20. a4 Ne4 21. Qe3
Rc3 22. a5 Qa7 23. a6 Ba8 0-1

[Event "Titled Tue 1st Jul Early"]
[Site "chess.com INT"]
[Date "2025.07.01"]
[Round "4"]
[White "Sagalchik, Gennadij"]
[Black "Dogan, Umut Anil"]
[Result "0-1"]
[WhiteTitle "GM"]
[BlackTitle "CM"]
[WhiteElo "2434"]
[BlackElo "2059"]
[WhiteFideId "2007916"]
[BlackFideId "51618060"]
[EventDate "2025.07.01"]

1. d4 d5 2. c4 e6 3. Nc3 Nf6 4. cxd5 exd5 5. Bg5 Nbd7 6. e3 h6 7. Bh4 c6 8. Bd3
Bd6 9. Nf3 O-O 10. Qc2 Re8 11. O-O-O Qa5 12. g4 b5 13. g5 hxg5 14. Bxg5 Bb7 15.
Kb1 Kf8 16. h4 b4 17. Ne2 Ne4 18. h5 Re6 19. h6 gxh6 20. Rxh6 Nxg5 21. Rh8+ Ke7
22. Rxa8 Nxf3 23. Rh8 Rf6 24. Bf5 Nf8 25. e4 dxe4 26. Qxe4+ Ne6 27. Bxe6 Ng5 28.
Qh4 Nxe6 29. d5 cxd5 30. Rh6 Be5 31. f4 Qc7 32. fxe5 Qxe5 33. Rf1 Qe4+ 34. Qxe4
Rxf1+ 35. Kc2 dxe4 36. Ng3 Rf2+ 37. Kb3 e3 38. Rh7 e2 0-1

[Event "Titled Tue 1st Jul Early"]
[Site "chess.com INT"]
[Date "2025.07.01"]
[Round "4"]
[White "Di Nicolantonio, Lucas"]
[Black "May Sanchez, Andres Elias"]
[Result "1-0"]
[WhiteTitle "IM"]
[BlackTitle "CM"]
[WhiteElo "2410"]
[BlackElo "2215"]
[WhiteFideId "680460"]
[BlackFideId "5150973"]
[EventDate "2025.07.01"]

1. e4 c5 2. Nf3 d6 3. d4 cxd4 4. Nxd4 Nf6 5. Nc3 Nc6 6. h3 e6 7. g4 Be7 8. g5
Nd7 9. h4 a6 10. Be3 Qc7 11. Qg4 b5 12. O-O-O Bb7 13. a3 Rc8 14. Nxc6 Qxc6 15.
Bh3 Ne5 16. Qg2 Nc4 17. Bd4 e5 18. Bxc8 Bxc8 19. Nd5 exd4 20. Nxe7 Kxe7 21. Rxd4
Bb7 22. Rhd1 Rc8 23. R1d3 Nxb2 24. Rd2 Nc4 25. R2d3 Nxa3 26. c3 Nc4 27. g6 hxg6
28. Qg5+ Kf8 29. h5 Ne5 30. hxg6 Nxd3+ 31. Rxd3 Qxe4 32. Rh3 Qe1+ 33. Kb2 Qd2+
34. Qxd2 1-0

[Event "Titled Tue 1st Jul Early"]
[Site "chess.com INT"]
[Date "2025.07.01"]
[Round "4"]
[White "Sarana, Alexey"]
[Black "Nurgaliyev, Sauat"]
[Result "1-0"]
[WhiteTitle "GM"]
[BlackTitle "IM"]
[WhiteElo "2686"]
[BlackElo "2404"]
[WhiteFideId "24133795"]
[BlackFideId "13726285"]
[EventDate "2025.07.01"]

1. d4 Nf6 2. c4 g6 3. Nc3 d5 4. Bg5 Ne4 5. cxd5 Nxc3 6. bxc3 Qxd5 7. Nf3 Bg7 8.
e3 Qa5 9. Qb3 h6 10. Bh4 Be6 11. Bc4 Bxc4 12. Qxc4 Nd7 13. O-O c6 14. Rab1 Nb6
15. Qc5 Qxc5 16. dxc5 Nd7 17. Rxb7 g5 18. Bg3 Nxc5 19. Rc7 Bxc3 20. Rxc6 Ne4 21.
Rc1 f6 22. R6xc3 Nxc3 23. Rxc3 Kf7 24. h4 Rhc8 25. Ra3 a5 26. Ra4 Kg6 27. Kh2 e5
28. Nd2 Rcb8 29. a3 Rb5 30. Ne4 f5 31. h5+ Kxh5 32. Nd6 Rc5 33. Nxf5 Kg6 34. Nd6
h5 35. Kh3 h4 36. Bh2 Kh5 37. f3 Rb8 38. Ne4 Rd5 39. Nf6+ 1-0

[Event "Titled Tue 1st Jul Early"]
[Site "chess.com INT"]
[Date "2025.07.01"]
[Round "4"]
[White "Jammalamadaka, Vihaan"]
[Black "Kornev, Alexei"]
[Result "1-0"]
[WhiteTitle "CM"]
[BlackTitle "GM"]
[WhiteElo "1977"]
[BlackElo "2500"]
[WhiteFideId "30977134"]
[BlackFideId "4120949"]
[EventDate "2025.07.01"]

1. b3 e5 2. Bb2 Nc6 3. g3 d5 4. Bg2 f5 5. c4 d4 6. d3 Nf6 7. Nd2 Bd6 8. a3 a5 9.
Rc1 O-O 10. c5 Be7 11. Nc4 Be6 12. Bxc6 bxc6 13. Nxe5 Bd5 14. Ngf3 f4 15. O-O
Rb8 16. Nxd4 Qc8 17. Ndxc6 Re8 18. e4 fxe3 19. fxe3 Rxb3 20. Bd4 Qh3 21. e4 Nxe4
22. Nxe7+ Rxe7 23. dxe4 Rxg3+ 24. hxg3 Qxg3+ 25. Kh1 Bxe4+ 26. Nf3 Rf7 27. Rc3
Rf4 28. Qb3+ Kf8 29. Qb8+ Kf7 30. Qxc7+ Ke6 31. Qd6+ Kf5 32. Qe5+ Kg4 33. Qxg7+
Kf5 34. Qxg3 1-0